000 00450nam a2200181Ia 4500
001 15106
005 20260306165003.0
008 260306t2016||||xx |||||||||||||| ||spa||
041 _aESP
082 _a530
_bS41
100 _aSepúlveda Soto, Alonso
_eAUT
245 0 _aLos conceptos de la física:
_bevolución histórica
260 _c2016
300 _a564 páginas :
_c24 cm.
650 _aGEN
654 _aCCN
942 _cLIB
_dJUS
_fJUS
_2ddc
_n
999 _c15106
_d15106